Corpos escritos : Graciliano Ramos e Silviano Santiago /
Guardat en:
| Autor principal: | |
|---|---|
| Format: | Llibre |
| Idioma: | Portuguese |
| Publicat: |
São Paulo, SP, Brasil : Belo Horizonte, MG :
Edusp ; Editora UFMG,
c1992.
|
| Matèries: | |
| Etiquetes: |
Afegir etiqueta
Sense etiquetes, Sigues el primer a etiquetar aquest registre!
|
MARC
| LEADER | 00000nam a2200000 a 4500 | ||
|---|---|---|---|
| 001 | 2991722 | ||
| 005 | 20150602134856.0 | ||
| 008 | 920729s1992 bl b f000 0 por | ||
| 020 | |a 8531400570 (Edusp) | ||
| 020 | |a 8570410654 (UFMG) | ||
| 040 | |a DLC |c DLC |d CRU CIICLA | ||
| 041 | |a por | ||
| 082 | |a BR869.309 |b M672c | ||
| 100 | 1 | |a Miranda, Wander Melo | |
| 245 | 1 | 0 | |a Corpos escritos : |b Graciliano Ramos e Silviano Santiago / |c Wander Melo Miranda. |
| 260 | |a São Paulo, SP, Brasil : |b Edusp ; |a Belo Horizonte, MG : |b Editora UFMG, |c c1992. | ||
| 300 | |a 174 páginas | ||
| 500 | |a Origalmente presentdo por el autor como tesis (doctoral)--Universidade de São Paulo, 1987. | ||
| 504 | |a Incluye referencias bibliográficas (páginas [159]-174). | ||
| 600 | 1 | 0 | |a Ramos, Graciliano, |d 1892-1953. |t Memórias do cárcere. |
| 600 | 1 | 0 | |a Santiago, Silviano. |t Em liberdade. |
| 650 | 1 | 4 | |a AUTOBIOGRAFIA EN LITERATURA |
| 942 | |2 ddc |c BK | ||
| 999 | |c 4247 |d 4247 | ||



